000 00797nam a2200253Ia 4500
003 OSt
005 20220928115509.0
006 a|||||r|||| 00| 0
007 ta
008 220927b |||||||| |||| 00| 0 eng d
020 _cUKP 77.00
024 _a140873
037 _b180, 22/02/2019, Classic Book Service
_cTextual
040 _aSDCL
_cSDCL
_beng
041 _2eng
_aeng
082 _aC62:25(B93), Q8
100 _aBisquert Juan
_9444593
245 0 _aPhysics of solor cells
_b perovskites, organics, and photovoltaic fundamentals
260 _aBoca Raton
_b CRC Press
_c2018
300 _axi,226p.
_ccm.
650 _aElectronic Science
942 _hC62:25(B93), Q8
_cTEXL
_2CC
999 _c759654
_d759654